| 000 | 01039nam a22002777a 4500 | ||
|---|---|---|---|
| 003 | URS | ||
| 005 | 20250716111205.0 | ||
| 008 | 250716b |||||||| |||| 00| 0 eng d | ||
| 020 | _a978-1-4625-177-4 | ||
| 040 |
_bEnglish _cURS _erda |
||
| 041 | _aEnglish | ||
| 050 | 0 | 0 |
_aLB1050.5 _b.K54 2015 |
| 100 |
_aKlingner, Janette K., _eauthor. _96239 |
||
| 245 | 1 | 0 |
_aTeaching reading comprehension to students with learning difficulties / _cJanette K. Klingner, Sharon Vaughn and Alison Boardman. |
| 250 | _a5th edition. | ||
| 264 | 1 |
_aNew York : _bThe Guiilford Press, _c©2015. |
|
| 300 |
_axiii, 221 pages ; _c25 cm. |
||
| 336 |
_atext _2rdacontent _btxt |
||
| 337 |
_aunmediated _2rdamedia _bn |
||
| 338 |
_avolume _2rdacarrier _bnc |
||
| 504 | _aIncludes bibliographical references and index. | ||
| 524 | _aFetting M. (2016). Perspectives on substance use, disorders and addiction : with clinical cases. Los Angeles: SAGE. | ||
| 700 |
_aVaughn, Sharon, _eauthor. _96240 |
||
| 700 |
_aBoardman, Alison, _eauthor. _96241 |
||
| 942 |
_2lcc _cFR |
||
| 999 |
_c83591 _d83590 |
||